000 00413cam a2200157ua 4500
020 _a0-412-23180-8
041 _aeng
_h
082 _a581.5
_bGRA/OU
100 _aGrace, J .
245 _aOutline studies in ecology: Plant-atmosphere relationship /
_cJ Grace.
_hTextual Documents
260 _aLondon :
_bChapman and Hall Ltd ,
_c1983.
300 _a92 ; .
504 _a
942 _cBK
999 _c7259
_d7259